Central Library || Chittagong University

Principles of thermodynamics./ (Record no. 109736)

MARC details
000 -LEADER
fixed length control field 00454nam a22001697a 4500
003 - CONTROL NUMBER IDENTIFIER
control field BD-ChCU
005 - DATE AND TIME OF LATEST TRANSACTION
control field 20251124093245.0
008 - FIXED-LENGTH DATA ELEMENTS--GENERAL INFORMATION
fixed length control field 251124b bg ||||| |||| 00| 0 ben d
040 ## - CATALOGING SOURCE
Transcribing agency BD-ChCU
082 ## - DEWEY DECIMAL CLASSIFICATION NUMBER
Classification number 536.7 SOP
100 ## - MAIN ENTRY--PERSONAL NAME
Personal name Sorensen Harry A.
9 (RLIN) 16712
245 ## - TITLE STATEMENT
Title Principles of thermodynamics./
Statement of responsibility, etc. Harry A. , Sorensen.
260 ## - PUBLICATION, DISTRIBUTION, ETC.
Place of publication, distribution, etc. New York :
Name of publisher, distributor, etc. Holt ,
Date of publication, distribution, etc. C 1961
300 ## - PHYSICAL DESCRIPTION
Extent xi , 546p
650 #0 - SUBJECT ADDED ENTRY--TOPICAL TERM
Topical term or geographic name entry element Thermodynamics.
9 (RLIN) 16717
942 ## - ADDED ENTRY ELEMENTS (KOHA)
Source of classification or shelving scheme Dewey Decimal Classification
Koha item type Books
Suppress in OPAC No
Holdings
Withdrawn status Lost status Source of classification or shelving scheme Damaged status Not for loan Home library Current library Shelving location Date acquired Source of acquisition Total Checkouts Full call number Barcode Date last seen Copy number Price effective from Koha item type
    Dewey Decimal Classification     Chittagong University Library Chittagong University Library Science Reading Room 11/24/2025 Purchase   536.7 SOP 15855 11/24/2025 C-1 11/24/2025 Books
    Dewey Decimal Classification     Chittagong University Library Chittagong University Library Science Reading Room 11/24/2025 Purchase   536.7 SOP 15856 11/24/2025 C-2 11/24/2025 Books
    Dewey Decimal Classification     Chittagong University Library Chittagong University Library Science Reading Room 11/24/2025 Purchase   536.7 SOP 15857 11/24/2025 C-3 11/24/2025 Books
    Dewey Decimal Classification     Chittagong University Library Chittagong University Library Science Reading Room 11/24/2025 Purchase   536.7 SOP 15858 11/24/2025 C-4 11/24/2025 Books
    Dewey Decimal Classification     Chittagong University Library Chittagong University Library Science Reading Room 11/24/2025 Purchase   536.7 SOP 90465 11/24/2025 C-5 11/24/2025 Books
    Dewey Decimal Classification     Chittagong University Library Chittagong University Library Science Reading Room 11/24/2025 Purchase   536.7 SOP 106497 11/24/2025 C-6 11/24/2025 Books
© Copyright 2025. Chittagong University Library, Installation and Maintenance by Prof. Dr. Md. Alamgir, 01711306253